Electricity demystified

Gardado en:
Detalles Bibliográficos
Autor Principal: Gibilisco, Stan
Formato: Libro
Idioma:Undetermined
Publicado: New York McGraw-Hill 2005
Những chủ đề:
Các nhãn: Engadir etiqueta
Sen Etiquetas, Sexa o primeiro en etiquetar este rexistro!
Thư viện lưu trữ: Trung tâm Học liệu Trường Đại học Cần Thơ
LEADER 00492nam a2200193Ia 4500
001 CTU_94607
008 210402s9999 xx 000 0 und d
020 |c 18.95 
082 |a 621.3 
082 |b G446 
100 |a Gibilisco, Stan 
245 0 |a Electricity demystified 
245 0 |c Stan Gibilisco 
260 |a New York 
260 |b McGraw-Hill 
260 |c 2005 
650 |a Electronics,Electricity 
904 |i Tuyến 
980 |a Trung tâm Học liệu Trường Đại học Cần Thơ